Normal view
MARC view
- Principles of college chemistry
Entry Topical Term
001 - CONTROL NUMBER
- control field: 99887
003 - CONTROL NUMBER IDENTIFIER
- control field: NUST
005 - DATE AND TIME OF LATEST TRANSACTION
- control field: 20221011125021.0
008 - FIXED-LENGTH DATA ELEMENTS
- fixed length control field: 221011|| aca||aabn | a|a d
040 ## - CATALOGING SOURCE
- Original cataloging agency: NUST
- Transcribing agency: NUST
150 ## - HEADING--TOPICAL TERM
- Topical term or geographic name entry element: Principles of college chemistry
670 ## - SOURCE DATA FOUND
- Source citation: Work cat.: (NUST)183421: : Miller, Glenn H., 99886, Principles of college chemistry /, [1972]
